La publicación de la ley
Պահպանված է:
| Հիմնական հեղինակ: | |
|---|---|
| Ձևաչափ: | Գիրք |
| Լեզու: | իսպաներեն |
| Հրապարակվել է: |
Madrid
Tecnos S.A
1993
|
| Հրատարակություն: | 1a. ed |
| Շարք: | Temas Clave de la Constitución Española
|
| Խորագրեր: | |
| Ցուցիչներ: |
Ավելացրեք ցուցիչ
Չկան պիտակներ, Եղեք առաջինը, ով նշում է այս գրառումը!
|
MARC
| LEADER | 00000cam a2200000 a 4500 | ||
|---|---|---|---|
| 001 | UCC9942 | ||
| 003 | CL-VaPUC | ||
| 005 | 20201112172439.0 | ||
| 008 | 191122e19930000sp spa d | ||
| 020 | |a 8430923306 | ||
| 082 | 0 | 4 | |a 340.13146 |b BIG |2 21 |
| 100 | 1 | |a Biglino Campos, Paloma |e author |9 605250 | |
| 245 | 1 | 3 | |a La publicación de la ley |
| 250 | |a 1a. ed | ||
| 260 | |a Madrid |b Tecnos S.A |c 1993 | ||
| 300 | |a 201 p | ||
| 490 | 0 | |a Temas Clave de la Constitución Española | |
| 583 | |a last modification |c 20191122 12:01:00 |k Rodrigo Vera | ||
| 650 | 0 | 7 | |a DERECHO CONSTITUCIONAL ESPAÑOL |2 CL-VaPUC |9 435214 |
| 650 | 0 | 7 | |a PROMULGACION DE LEYES |2 CL-VaPUC |9 255305 |
| 942 | |c BK | ||
| 945 | |a dcastane |d 20191122 12:01:00 | ||
| 999 | |c 376227 |d 376225 | ||
| 952 | |0 0 |1 0 |3 erb |4 0 |6 340_131460000000000_BIG_1993 |7 0 |8 A |9 495534 |a BIBDER |b BIBDER |e Precht Pizarro, Jorge Enrique |i 5609925 |o 340.13146 BIG 1993 |p 5609925 |r 2023-01-25 |w 2020-01-06 |y BK |z Catalogado en:20191122 |k DER | ||